000 00732cam a22002292 4500
001 0000024107
005 20151217154508.0
008 130610s xx 000 0 eng d
020 _a8131222744 :
040 _aKABU
_cKABU
050 0 _aQA76.9
_b.H46 2010
100 1 _aPatterson, David A.
_@0000148191
245 1 0 _aComputer organization and design :
_bthe hardware/Software interface /
_cDavid A. Patterson, John L. Hennessy.
250 _a4th ed.
260 _aNew Delhi :
_bElsevier,
_c2010.
300 _axxv, 689 p.
650 0 _aComputer organization.
_@0000148192
700 1 _aHennessy, John L.
_@0000148193
852 1 _9p2900 KES
908 _a130610
950 _@1
999 _c11521
_d11521